000 00342nam a2200133Ia 4500
005 20251222152014.0
008 251222s9999||||xx |||||||||||||| ||spa||
082 _a634.773/F49
100 _aFigueroa Zevallos, Raúl
245 0 _aEL cultivo de plátano en el Perú
250 _a1ra.ed.
264 _bMinisterio de educación
942 _cLIB
999 _c25024
_d25024